000
00225nam a22000977a 4500
003
SGT
245
_a
JOURNAL OF PROGRESS IN COMPUTING APPLICATION
260
_b
TAYLOR & FRANCIS PUBLISHER
_c
2019
300
_a
200
942
_2
ddc
_c
BV
999
_c
29063
_d
29063